000 00584nab a2200181 a 4500
005 20210223131350.0
008 991125s1985 mx 000 0 spa u
035 _aUPN01000177411
100 1 _aSánchez Aragón, Rozzana,
_d1969-
_936258
222 0 _aENSEÑANZA E INVESTIGACION EN PSICOLOGIA
245 0 0 _aExpectativas, percepción de estabilidad y estrategias de mantenimiento en las relaciones amorosas
260 _aJalapa, México
300 _a229-243
362 0 _a2009 Vol. 14, no. 2, jul.-dic.
653 0 _aRELACION AMOROSA
653 0 _aROMANCE
905 _aArticulo
999 _c149514
_d149514